| 000 | 00648nam a2200217 a 4500 | ||
|---|---|---|---|
| 005 | 20140310183441.0 | ||
| 008 | 080521s19uu xx 00 eng d | ||
| 020 | _a9780199238491 | ||
| 050 |
_aRJ 47.3 _b.G556 2006 |
||
| 100 | _aGlover, Jonathan | ||
| 245 |
_aChoosing children : _bgenes, disability, and design / _cJonathan Glover. |
||
| 260 |
_aOxford : _bClarendon Press, _c2006. |
||
| 300 |
_a120 p. : _c21 cm. |
||
| 521 | _aEDU | ||
| 650 | _aGenetic disorders in children. | ||
| 650 |
_aAbnormalities, Human _xGenetic aspects. |
||
| 650 | _aMedical ethics. | ||
| 650 | _aGenetic counseling. | ||
| 942 |
_cBK _2lcc _kFOR |
||
| 999 |
_c23103 _d23103 |
||